Telón de cielo : diez obras mímicas para teatro de títeres /
Guardado en:
| Autor Principal: | |
|---|---|
| Formato: | Libro |
| Publicado: |
Buenos Aires :
Del Cronopio Azul,
2013
|
| Series: | Libros de fondo blanco
|
| Materias: | |
| Etiquetas: |
Agregar Etiqueta
Sin Etiquetas, Sea el primero en etiquetar este registro!
|
| LEADER | 00809nam a22002655a 4500 | ||
|---|---|---|---|
| 001 | CEM.cems018152 | ||
| 005 | 20140311103859.0 | ||
| 008 | 130507s2013##################000#0#####d | ||
| 003 | CEMS | ||
| 020 | |a 9789879226155 | ||
| 082 | 0 | 4 | |a A862.4 |
| 100 | 1 | |a Castillo, Gabriel | |
| 245 | 1 | 0 | |a Telón de cielo : |b diez obras mímicas para teatro de títeres / |c Gabriel Castilla |
| 260 | |a Buenos Aires : |b Del Cronopio Azul, |c 2013 | ||
| 300 | |a 64 p. | ||
| 490 | 0 | |a Libros de fondo blanco | |
| 653 | |a Literatura | ||
| 653 | |a Literatura argentina | ||
| 653 | |a Literatura infantil | ||
| 653 | |a Teatro infantil | ||
| 653 | |a Teatro | ||
| 653 | |a Teatro de títeres | ||
| 653 | |a Títeres | ||
| 653 | |a Ministerio de educación-colección literaria | ||
| 859 | |a CEMS |b BIB. CEMS - Agricultura |h A862.4 |i C278 |p A2142.14 |t Ej.1 | ||
